|
|
|
|
| LEADER |
00000nab a2200000 a 4500 |
| 001 |
vtls011468793 |
| 003 |
SK-MaSNL |
| 005 |
20260318132759.0 |
| 008 |
160126|2016 xo m| 000 02hun |
| 015 |
|
|
|a SNBRB2016/01
|
| 038 |
|
|
|a DSZK
|
| 040 |
|
|
|a DSZK
|b slo
|c DSZK
|e AACR2
|
| 041 |
0 |
|
|a hun
|a slo
|
| 044 |
|
|
|a xo
|c SK
|
| 080 |
|
|
|a 797.122.3.071
|x (439)
|2 2001
|
| 080 |
|
|
|a 069.9
|x (437.612)
|2 2001
|
| 100 |
1 |
|
|a Duducz, Tibor
|4 aut
|9 1108642
|
| 245 |
1 |
0 |
|a Sikeres volt a Kolonics-emlékkiállítás
|c Duducz Tibor
|
| 300 |
|
|
|b Fotogr.
|
| 546 |
|
|
|a Dvojjazyčné vydanie
|
| 600 |
1 |
7 |
|a Kolonics, György,
|d 1972-2008
|2 dszk
|9 906487
|
| 611 |
2 |
7 |
|a Kolonics, a sportlegenda
|d (2015 :
|c Šamorín, Slovensko)
|2 dszk
|9 1194551
|
| 648 |
|
7 |
|a 2015
|2 dszk
|9 337775
|
| 650 |
0 |
7 |
|a putovné výstavy
|2 dszk
|9 477113
|
| 651 |
|
7 |
|a Šamorín (Slovensko)
|2 SNKPH
|9 28925
|
| 773 |
0 |
|
|t Somorja és vidéke=Šamorín a okolie
|g Évf. XXVI, sz. 1 (2016), o. 10
|x 1338-9068
|
| 852 |
|
|
|a DSZK
|b KIS3GCP
|
| 958 |
|
|
|a SK
|
| 958 |
|
|
|a HU
|
| 999 |
|
|
|c 2078821
|d 2080751
|